000 00293nam a2200121Ia 4500
008 190216s9999||||xx |||||||||||||| ||und||
100 _aForster E M
245 0 _aPassage To India
260 _bOxford And Ibh Publishing Co. Pvt Ltd
_c1978
300 _a317p
650 _aHistory
942 _cBK
999 _c19099
_d19099